Ley para fomentar la recuperación económica y facilitar la expansión de oportunidades económicas en la región de la Cuenca del Caribe (Fotocopia) /

Guardat en:
Dades bibliogràfiques
Autor corporatiu: Estados Unidos. Leyes, Decretos, Grupo empresarial CEFSA
Format: Text
Publicat: s.l.: CEFSA
Etiquetes: Afegir etiqueta
Sense etiquetes, Sigues el primer a etiquetar aquest registre!

MARC

LEADER 00000 a a2200000 04500
001 23588
003
040
090 |a 168500  
110 |a Estados Unidos. Leyes, Decretos  
245 |a Ley para fomentar la recuperación económica y facilitar la expansión de oportunidades económicas en la región de la Cuenca del Caribe (Fotocopia) /  |c Estados Unidos. Leyes, Decretos  
260 |a s.l.:   |b CEFSA  
300 |a 21 p.  
710 |a Grupo empresarial CEFSA  
999 |c 8144  |d 8144